00267nam a22000977a 450000500170000000800410001702000150005804000080007324500600008126000280014120200924150646.0200924b ||||| |||| 00| 0 eng d a0198691181 cCML aThe Oxford Dictionary of Englis Proverbs.cWilson, F.P. aOxfordbClarendonc1970